| 000 | 00465nam a22001577a 4500 | ||
|---|---|---|---|
| 082 |
_a386.095491 _bGOV _c40484 |
||
| 100 |
_aM.A FAROUK _938395 |
||
| 110 |
_aNATIONAL TRANSPORT RESEARCH CENTRE _938396 |
||
| 245 |
_aINDUS RIVER SERVE _bINDUS RIVER SERVE |
||
| 300 |
_a61P.: _c25CM. |
||
| 526 |
_a0 _b0 _c0 _d386_095491000000000_GOV |
||
| 650 |
_aMCE _9379 |
||
| 700 |
_aM.A FAROUK _938395 |
||
| 710 |
_aNATIONAL TRANSPORTATION RESEARCH CENTRE _938397 |
||
| 942 |
_2ddc _cBK |
||
| 999 |
_c543028 _d543028 |
||